Statistiques concernant Poisson d'avril ou pas ?

Cliquez ici pour prendre le quiz!

Statistiques générales

  • Ce quiz a été pris 73 fois
  • Le résultat moyen est 11 sur 15

Statistiques - réponses

QuestionRéponse% Correct
Pi est égal à environ 3,14Véritable information
87%
Le signe caractéristique pour comprendre dans les romans ou bandes-dessinnées qu'un personnage dort est "Zzz"Véritable information
85%
J'ai 785 ans aujourd'huiPoisson d'avril
81%
Le temps de ce quiz est d'environ deux minutesVéritable information
79%
Yes-da-oui veulent tous dire "oui"Véritable information
79%
Ce quiz à été créé un 1er avrilVéritable information
76%
Ce quiz est enfait un quizVéritable information
76%
Le thon rougeVéritable poisson
76%
Emmanuel Macron à des origines jupiteriennePoisson d'avril
75%
Il existe des JetPunker habitant au danemarkVéritable information
75%
Ce quiz est un poissonPoisson d'avril
69%
Ce quiz à l'odeur d'excréments de chienPoisson d'avril
68%
Le poisson de JetPunk est violetPoisson d'avril
66%
Le poissonus avirilus, plus couramment appelé poisson d'avril, vit dans les eaux chaudes de la MeditérrennéePoisson d'avril
66%
Quelqu'un hacke le quiz pays du mondePoisson d'avril
62%

Distribution des résultats

Percentile par nombre de réponses

% des personnes avec chaque résultat

Votre développement - résultats

Vous n’avez pas pris ce quiz